[Event "Titled Tuesday intern op 02nd Apr Early"]
[Site "Chess.com INT"]
[Date "2024.04.02"]
[Round "1"]
[White "Bravo De la Vega, Alvaro"]
[Black "Bauer, Sebastian"]
[Result "1-0"]
[WhiteElo "2128"]
[BlackElo "2320"]
[PlyCount "179"]
[EventDate "2024.04.02"]
[EventType "swiss (blitz)"]
[EventRounds "11"]
[EventCountry "USA"]
[SourceTitle "CB15_2024"]
[SourceDate "2024.04.10"]
[SourceVersion "1"]
[SourceVersionDate "2024.04.10"]
[SourceQuality "1"]

1. d4 Nf6 2. Bf4 g6 3. Nc3 d5 4. e3 Bg7 5. h4 h5 6. Nf3 0-0 7. Nb5 Na6 8. Qd2 Ne4 9. Qd1 c6 10. Nc3 Nxc3 11. bxc3 b5 12. Bd3 Nc7 13. a4 a6 14. 0-0 Bg4 15. e4 dxe4 16. Bxc7 Qxc7 17. Bxe4 Rac8 18. axb5 axb5 19. Qe2 Bf6 20. Ra6 Qb7 21. Rfa1 Bxh4 22. Qd3 Bf6 23. Ra7 Qb8 24. Bxg6 Qf4 25. Be4 c5 26. Nh2 c4 27. Qe3 Qxe3 28. fxe3 Be6 29. Rb1 Rb8 30. Ra5 Bg5 31. Kf2 Bd7 32. Nf3 Bf6 33. Ra7 Rfd8 34. Rh1 Bg4 35. Rb1 Rd6 36. Nd2 Rdb6 37. Ra8 Kg7 38. Rxb8 Rxb8 39. Nxc4 Rc8 40. Nd2 Rxc3 41. Rxb5 Bg5 42. Nf1 f5 43. Bxf5 Bxf5 44. Rxf5 Rxc2+ 45. Kf3 Kg6 46. Re5 Bf6 47. Re4 h4 48. Nh2 Rc1 49. Ng4 Bg5 50. Re5 Rf1+ 51. Nf2 Ra1 52. Nh3 Bf6 53. Re4 Rf1+ 54. Ke2 Ra1 55. Rg4+ Kf5 56. Rg8 Ra2+ 57. Kf3 Ra1 58. e4+ Ke6 59. Rg4 Bxd4 60. Rxh4 Ra3+ 61. Kg4 Be5 62. Rh6+ Kd7 63. Kf5 Bc7 64. Nf4 Ra5+ 65. Kg4 Re5 66. Nd5 Rxe4+ 67. Kf3 Rd4 68. Nxc7 Kxc7 69. Re6 Kd7 70. Re3 Ra4 71. g4 Ke8 72. Re4 Ra3+ 73. Kf4 Kf7 74. Re2 Ra4+ 75. Re4 Ra1 76. Re2 Kf6 77. Re3 Ra4+ 78. Re4 Ra1 79. g5+ Kf7 80. Kf5 Ra5+ 81. Kg4 e6 82. g6+ Kf6 83. Kh4 Ra7 84. Kh5 Ra5+ 85. Kh6 Ra1 86. Rh4 Ra7 87. Rf4+ Ke5 88. Rg4 Ra1 89. g7 Rh1+ 90. Kg6 1-0

[Event "Titled Tuesday intern op 02nd Apr Early"]
[Site "Chess.com INT"]
[Date "2024.04.02"]
[Round "10"]
[White "Bravo De la Vega, Alvaro"]
[Black "Prokofyev, Valentyn"]
[Result "0-1"]
[WhiteElo "2128"]
[BlackElo "2337"]
[PlyCount "60"]
[EventDate "2024.04.02"]
[EventType "swiss (blitz)"]
[EventRounds "11"]
[EventCountry "USA"]
[SourceTitle "CB15_2024"]
[SourceDate "2024.04.10"]
[SourceVersion "1"]
[SourceVersionDate "2024.04.10"]
[SourceQuality "1"]

1. d4 Nf6 2. Bf4 c5 3. dxc5 Qa5+ 4. Qd2 Qxc5 5. Nc3 Nc6 6. Nf3 d5 7. 0-0-0 Bf5 8. Ne5 e6 9. f3 Be7 10. g4 Bg6 11. e3 Rc8 12. h4 Nxe5 13. Bxe5 h6 14. Bb5+ Kf8 15. g5 Nh5 16. e4 dxe4 17. fxe4 Qxe5 18. Qd7 Qc7 19. Qd3 Nf4 20. Qf3 hxg5 21. hxg5 Rxh1 22. Rxh1 Bxg5 23. Rh8+ Ke7 24. Rxc8 Qxc8 25. Kb1 Qc5 26. a4 a6 27. Bd3 Qg1+ 28. Ka2 Bh5 29. Qd1 Bxd1 30. Nxd1 Qxd1 0-1

[Event "Titled Tuesday intern op 02nd Apr Late"]
[Site "Chess.com INT"]
[Date "2024.04.02"]
[Round "6"]
[White "Bravo De la Vega, Alvaro"]
[Black "Shubenkova, Veronika"]
[Result "1-0"]
[WhiteElo "2128"]
[BlackElo "2113"]
[PlyCount "99"]
[EventDate "2024.04.02"]
[EventType "swiss (blitz)"]
[EventRounds "11"]
[EventCountry "USA"]
[SourceTitle "CB15_2024"]
[SourceDate "2024.04.10"]
[SourceVersion "1"]
[SourceVersionDate "2024.04.10"]
[SourceQuality "1"]

1. d4 d5 2. Bf4 e6 3. e3 f5 4. Nf3 Nf6 5. Be2 Bd6 6. Bxd6 Qxd6 7. 0-0 Nbd7 8. c4 c6 9. Nc3 0-0 10. Bd3 Ne4 11. Ne2 Rf6 12. g3 b6 13. cxd5 exd5 14. h4 Rh6 15. Nf4 Nf8 16. Ne5 g5 17. hxg5 Nxg5 18. Kg2 Nfe6 19. Bxf5 Nxf4+ 20. exf4 Bxf5 21. fxg5 Bh3+ 22. Kg1 Bxf1 23. gxh6 Bh3 24. Qh5 Be6 25. Qg5+ Kf8 26. Qg7+ Ke8 27. Qxh7 Rc8 28. Re1 c5 29. Qg7 Rc7 30. Qg6+ Kd8 31. h7 Qf8 32. Qxe6 Rxh7 33. Nc6+ Kc7 34. Qxd5 Rd7 35. Qe5+ Kxc6 36. dxc5 bxc5 37. Qe4+ Kb6 38. Re3 Qc8 39. Rb3+ Kc7 40. Qe5+ Kc6 41. Rc3 Qf8 42. Kg2 Rd2 43. Qe4+ Kb5 44. Rb3+ Ka5 45. Ra3+ Kb5 46. Qa4+ Kb6 47. Qxa7+ Kc6 48. Ra6+ Kd5 49. Qd7+ Kc4 50. Qxd2 1-0

[Event "Titled Tuesday intern op 02nd Apr Early"]
[Site "Chess.com INT"]
[Date "2024.04.02"]
[Round "11"]
[White "Bravo De la Vega, Alvaro"]
[Black "Tao, Sihan"]
[Result "0-1"]
[WhiteElo "2128"]
[BlackElo "2147"]
[PlyCount "56"]
[EventDate "2024.04.02"]
[EventType "swiss (blitz)"]
[EventRounds "11"]
[EventCountry "USA"]
[SourceTitle "CB15_2024"]
[SourceDate "2024.04.10"]
[SourceVersion "1"]
[SourceVersionDate "2024.04.10"]
[SourceQuality "1"]

1. d4 Nf6 2. Bf4 e6 3. e3 d5 4. Nf3 c5 5. Nbd2 Nc6 6. c3 Bd6 7. Bg3 0-0 8. Bd3 Re8 9. Ne5 Qc7 10. f4 g6 11. Bh4 Nd7 12. Qg4 f5 13. Qg3 Ndxe5 14. fxe5 Bf8 15. 0-0 b6 16. Bf6 a5 17. h4 Ba6 18. Bxa6 Rxa6 19. h5 Qf7 20. Nf3 Bh6 21. Nh4 g5 22. Bxg5 Qg7 23. Nf3 Nd8 24. Qh4 Bxg5 25. Nxg5 Nf7 26. Nxf7 Kxf7 27. Rf3 Rg8 28. Raf1 Qxg2# 0-1

[Event "Titled Tuesday intern op 02nd Apr Early"]
[Site "Chess.com INT"]
[Date "2024.04.02"]
[Round "8"]
[White "Silva, Miguel Antonio Neto"]
[Black "Bravo De la Vega, Alvaro"]
[Result "1-0"]
[WhiteElo "2211"]
[BlackElo "2128"]
[PlyCount "81"]
[EventDate "2024.04.02"]
[EventType "swiss (blitz)"]
[EventRounds "11"]
[EventCountry "USA"]
[SourceTitle "CB15_2024"]
[SourceDate "2024.04.10"]
[SourceVersion "1"]
[SourceVersionDate "2024.04.10"]
[SourceQuality "1"]

1. e4 c5 2. Nc3 a6 3. g3 b5 4. Bg2 Bb7 5. d3 e6 6. Nh3 Nc6 7. 0-0 d6 8. f4 Nf6 9. f5 Nd4 10. fxe6 fxe6 11. Be3 Qd7 12. Nf4 0-0-0 13. Bh3 Re8 14. Ncd5 Kb8 15. c3 Nc6 16. a4 b4 17. cxb4 Nxb4 18. Nxb4 cxb4 19. Rc1 Rg8 20. Qb3 d5 21. e5 g5 22. exf6 gxf4 23. Bxf4+ Ka8 24. Be5 Rg5 25. d4 Bd6 26. Qe3 h6 27. f7 Rf8 28. Bxd6 Qxd6 29. Qxe6 Qxe6 30. Bxe6 Kb8 31. Rce1 Rg7 32. Re5 Kc7 33. Bxd5 Bxd5 34. Rxd5 Rgxf7 35. Rxf7+ Rxf7 36. Kg2 Kc6 37. Ra5 Kb6 38. Rh5 Rf6 39. a5+ Kc6 40. h4 Re6 41. d5+ 1-0

[Event "Jeddah Karpov Cup"]
[Site "Jeddah"]
[Date "2024.01.29"]
[Round "9"]
[White "Bravo De la Vega, Alvaro"]
[Black "Rouda Essa, Alserkal"]
[Result "0-1"]
[WhiteElo "2121"]
[BlackElo "1882"]
[PlyCount "74"]
[EventDate "2024.01.24"]
[EventType "swiss"]
[EventRounds "9"]
[EventCountry "SAU"]
[SourceTitle "CB05_2024"]
[SourceDate "2024.01.31"]
[SourceVersion "1"]
[SourceVersionDate "2024.01.31"]
[SourceQuality "1"]

1. d4 Nf6 2. c4 e6 3. Nf3 d5 4. Nc3 Be7 5. g3 0-0 6. Bg2 c6 7. 0-0 b6 8. Ne5 Nfd7 9. Nxd7 Nxd7 10. Qa4 Bb7 11. cxd5 exd5 12. Bf4 Nf6 13. Rac1 Re8 14. Rfd1 h6 15. a3 Bd6 16. Bxd6 Qxd6 17. e3 Bc8 18. b4 Bd7 19. Qa6 Ne4 20. Nxe4 dxe4 21. Rd2 h5 22. h4 g6 23. Rdc2 Kg7 24. Rc4 Bc8 25. Qa4 b5 26. Rxc6 Qxc6 27. Qd1 Qd6 28. d5 Bg4 29. Qd4+ Qe5 30. Qd2 Rac8 31. Rc5 Rxc5 32. bxc5 Rd8 33. Qa5 Rxd5 34. c6 Bf3 35. Qxa7 Bxg2 36. Kxg2 Rc5 37. Qb7 Qd6 0-1

[Event "Jeddah Karpov Cup"]
[Site "Jeddah"]
[Date "2024.01.28"]
[Round "8"]
[White "Humaidan Mohamed, Alzaabi"]
[Black "Bravo De la Vega, Alvaro"]
[Result "1/2-1/2"]
[WhiteElo "1565"]
[BlackElo "2121"]
[PlyCount "33"]
[EventDate "2024.01.24"]
[EventType "swiss"]
[EventRounds "9"]
[EventCountry "SAU"]
[SourceTitle "CB05_2024"]
[SourceDate "2024.01.31"]
[SourceVersion "1"]
[SourceVersionDate "2024.01.31"]
[SourceQuality "1"]

1. e4 e5 2. Nf3 Nc6 3. Bc4 Bc5 4. 0-0 Nf6 5. d3 0-0 6. c3 d5 7. exd5 Nxd5 8. h3 Bf5 9. a4 Nb6 10. Bb5 Qf6 11. a5 Nd7 12. a6 bxa6 13. Rxa6 Ndb8 14. Ra1 Nd7 15. Ra6 Ndb8 16. Ra1 Nd7 17. Ra6 1/2-1/2

[Event "Jeddah Karpov Cup"]
[Site "Jeddah"]
[Date "2024.01.26"]
[Round "4"]
[White "Bravo De la Vega, Alvaro"]
[Black "Rashed Abubaker, Alhemeiri"]
[Result "1-0"]
[WhiteElo "2121"]
[BlackElo "1654"]
[PlyCount "51"]
[EventDate "2024.01.24"]
[EventType "swiss"]
[EventRounds "9"]
[EventCountry "SAU"]
[SourceTitle "CB05_2024"]
[SourceDate "2024.01.31"]
[SourceVersion "1"]
[SourceVersionDate "2024.01.31"]
[SourceQuality "1"]

1. e4 c5 2. Nf3 e6 3. d4 cxd4 4. Nxd4 a6 5. Bd3 Bc5 6. Nb3 Ba7 7. Qe2 Qc7 8. Be3 Bxe3 9. Qxe3 Nf6 10. Nc3 Nc6 11. 0-0-0 b5 12. f4 d6 13. Bxb5 axb5 14. Nxb5 Qe7 15. Qb6 0-0 16. Qxc6 Ra6 17. Qc4 Bb7 18. Nc3 Rc8 19. Qd3 Rxc3 20. Qxc3 Nxe4 21. Qd4 Rxa2 22. Rhe1 f5 23. Kb1 Ra8 24. g4 Bd5 25. gxf5 Nc5 26. Qxd5 1-0

[Event "Roquetas de Mar op 35th"]
[Site "Roquetas de Mar"]
[Date "2024.01.06"]
[Round "8"]
[White "Bravo De la Vega, Alvaro"]
[Black "Iglesias Ferreira, Andres"]
[Result "0-1"]
[WhiteElo "2121"]
[BlackElo "2278"]
[PlyCount "62"]
[EventDate "2024.01.02"]
[EventType "swiss"]
[EventRounds "9"]
[EventCountry "ESP"]
[SourceTitle "CB02_2024"]
[SourceDate "2024.01.10"]
[SourceVersion "1"]
[SourceVersionDate "2024.01.10"]
[SourceQuality "1"]

1. d4 Nf6 2. c4 e6 3. Nf3 d5 4. g3 dxc4 5. Bg2 Bb4+ 6. Bd2 a5 7. Qc2 Bxd2+ 8. Nbxd2 b5 9. a4 c6 10. 0-0 0-0 11. e4 Na6 12. e5 Nb4 13. Qb1 Nfd5 14. Ne4 h6 15. Nd6 c3 16. Ra3 c2 17. Qa1 bxa4 18. Rc1 Qb6 19. Nc4 Qc7 20. Rxa4 c5 21. b3 cxd4 22. Nxd4 Bd7 23. Rxa5 Rxa5 24. Qxa5 Qxa5 25. Nxa5 Nc3 26. Ra1 Bb5 27. Nb7 Ne2+ 28. Nxe2 Bxe2 29. Be4 Bd3 30. Nc5 Bxe4 31. Nxe4 Nd3 0-1

[Event "Roquetas de Mar op 35th"]
[Site "Roquetas de Mar"]
[Date "2024.01.04"]
[Round "4"]
[White "Bravo De la Vega, Alvaro"]
[Black "Luque Saiz, Andres"]
[Result "1-0"]
[WhiteElo "2121"]
[BlackElo "2328"]
[PlyCount "147"]
[EventDate "2024.01.02"]
[EventType "swiss"]
[EventRounds "9"]
[EventCountry "ESP"]
[SourceTitle "CB02_2024"]
[SourceDate "2024.01.10"]
[SourceVersion "1"]
[SourceVersionDate "2024.01.10"]
[SourceQuality "1"]

1. e4 e6 2. d4 d5 3. Nc3 Nf6 4. Bg5 h6 5. Bxf6 Qxf6 6. exd5 Bb4 7. Bb5+ Bd7 8. Bxd7+ Nxd7 9. dxe6 fxe6 10. Nge2 0-0-0 11. 0-0 Qh4 12. g3 Qf6 13. Ne4 Qf5 14. a3 Ba5 15. Qd3 Ne5 16. Qe3 Nc4 17. Qb3 Qxe4 18. Qxc4 Rd6 19. b4 Bb6 20. c3 g5 21. Rae1 Qf3 22. Nc1 Rc6 23. Re3 Qf6 24. Qe2 h5 25. Re1 Rh6 26. Rf3 Qh8 27. d5 exd5 28. Qe7 Rhf6 29. Rxf6 Rxf6 30. Nd3 Qf8 31. Qxf8+ Rxf8 32. Kg2 g4 33. Nf4 h4 34. Re5 h3+ 35. Kf1 c6 36. Rg5 d4 37. cxd4 Bxd4 38. Rxg4 Bb2 39. a4 a5 40. Nxh3 axb4 41. Rxb4 Ba3 42. Rb3 Bc5 43. Nf4 Bd6 44. Ne6 Re8 45. Ng5 Kc7 46. h4 Ra8 47. h5 Be7 48. Ne6+ Kd6 49. Ng7 Bf6 50. Rxb7 c5 51. Rb6+ Ke7 52. Nf5+ Kf7 53. Rc6 Ra5 54. g4 Bg5 55. f3 Bf4 56. Ke2 Rxa4 57. Rxc5 Ra3 58. Rc4 Bb8 59. Rb4 Ba7 60. h6 Kg6 61. Rb7 Bc5 62. Rg7+ Kf6 63. h7 Ra2+ 64. Kd3 Rh2 65. Rc7 Ba3 66. Ke4 Bb2 67. f4 Kg6 68. Rb7 Ba1 69. Ng3 Rh4 70. Kf3 Rh3 71. f5+ Kg5 72. Rb6 Rxh7 73. Ne4+ Kh4 74. Rb1 1-0

[Event "ESP-ch U16 rapid"]
[Site "Salobrena"]
[Date "2023.07.29"]
[Round "3"]
[White "Bravo De la Vega, Alvaro"]
[Black "Gomez Salva, Roberto"]
[Result "1-0"]
[WhiteElo "1957"]
[BlackElo "1641"]
[PlyCount "69"]
[EventDate "2023.07.29"]
[EventType "swiss (rapid)"]
[EventRounds "9"]
[EventCountry "ESP"]
[SourceTitle "EXT 2024"]
[Source "ChessBase"]
[SourceDate "2023.10.10"]
[SourceVersion "1"]
[SourceVersionDate "2023.10.10"]
[SourceQuality "1"]

1. e4 c5 2. Nf3 g6 3. d4 cxd4 4. Qxd4 Nf6 5. Nc3 Nc6 6. Qa4 d6 7. e5 dxe5 8. Nxe5 Qd4 9. Nxc6 Qxa4 10. Nxa4 bxc6 11. Be2 Bg7 12. Bf3 Nd5 13. Bd2 Bd7 14. 0-0-0 0-0 15. Rhe1 Rab8 16. b3 e6 17. Nc5 Bc8 18. c4 Ne7 19. Bf4 Rb6 20. Bc7 Rb4 21. a3 Rb6 22. Bxb6 axb6 23. Nd7 Re8 24. Nxb6 Ba6 25. Rd7 Nf5 26. Ra7 Bc8 27. Ra8 Bd7 28. Rxe8+ Bxe8 29. Rd1 Nd4 30. Rd3 c5 31. a4 f5 32. a5 e5 33. Bd5+ Kf8 34. a6 e4 35. Rxd4 1-0

[Event "Collado Villalba Grupo Gallinero op 1st"]
[Site "Collado Villalba"]
[Date "2022.08.17"]
[Round "9"]
[White "Garcia Gracia, Victor Hugo"]
[Black "Bravo De la Vega, Alvaro"]
[Result "1/2-1/2"]
[WhiteElo "2132"]
[BlackElo "2077"]
[PlyCount "35"]
[EventDate "2022.08.12"]
[EventType "swiss"]
[EventRounds "9"]
[EventCountry "ESP"]
[SourceTitle "CBM 210 Extra"]
[Source "ChessBase"]
[SourceDate "2022.11.30"]
[SourceVersion "1"]
[SourceVersionDate "2022.11.30"]
[SourceQuality "1"]

1. e4 c5 2. Nf3 Nc6 3. d4 cxd4 4. Nxd4 e5 5. Nb5 d6 6. N1c3 a6 7. Na3 Be7 8. Nc4 b5 9. Ne3 Nf6 10. Ned5 Rb8 11. a4 b4 12. Nxf6+ Bxf6 13. Nd5 0-0 14. Be3 Bg5 15. Bc4 Bxe3 16. Nxe3 a5 17. 0-0 Be6 18. Qd3 1/2-1/2

[Event "Collado Villalba Grupo Gallinero op 1st"]
[Site "Collado Villalba"]
[Date "2022.08.16"]
[Round "8"]
[White "Bravo De la Vega, Alvaro"]
[Black "Gutierrez Diaz, Pablo"]
[Result "1-0"]
[WhiteElo "2077"]
[BlackElo "1946"]
[PlyCount "45"]
[EventDate "2022.08.12"]
[EventType "swiss"]
[EventRounds "9"]
[EventCountry "ESP"]
[SourceTitle "CBM 210 Extra"]
[Source "ChessBase"]
[SourceDate "2022.11.30"]
[SourceVersion "1"]
[SourceVersionDate "2022.11.30"]
[SourceQuality "1"]

1. d4 f5 2. Bg5 d5 3. e3 Nf6 4. Bxf6 exf6 5. c4 c6 6. Nc3 Bd6 7. cxd5 cxd5 8. Qb3 Be6 9. Qxb7 0-0 10. Bd3 Nd7 11. Qc6 Nb6 12. Nge2 Qe7 13. Qb5 Rab8 14. 0-0 Qf7 15. Qc6 Bb4 16. Ba6 Bc8 17. Qb5 Nc4 18. Qxb8 Bxc3 19. Bxc4 Bb7 20. Qxa7 Ra8 21. Qc5 Bxb2 22. Rab1 dxc4 23. Rxb2 1-0

[Event "Collado Villalba Grupo Gallinero op 1st"]
[Site "Collado Villalba"]
[Date "2022.08.14"]
[Round "5"]
[White "Bravo De la Vega, Alvaro"]
[Black "Rojas Fernandez, Antonio"]
[Result "1-0"]
[WhiteElo "2077"]
[BlackElo "1672"]
[PlyCount "117"]
[EventDate "2022.08.12"]
[EventType "swiss"]
[EventRounds "9"]
[EventCountry "ESP"]
[SourceTitle "CBM 210 Extra"]
[Source "ChessBase"]
[SourceDate "2022.11.30"]
[SourceVersion "1"]
[SourceVersionDate "2022.11.30"]
[SourceQuality "1"]

1. Nf3 d5 2. g3 Nf6 3. Bg2 Bf5 4. c4 c6 5. b3 e6 6. Bb2 Be7 7. 0-0 0-0 8. d4 Nbd7 9. Nc3 h6 10. Rc1 Ne4 11. Nxe4 Bxe4 12. Nd2 Bxg2 13. Kxg2 Nf6 14. Qc2 Qb6 15. e4 Bb4 16. e5 Bxd2 17. Qxd2 Nh7 18. cxd5 cxd5 19. Rc5 Rfc8 20. Rfc1 Rc6 21. Rxc6 bxc6 22. Qc3 Rc8 23. Ba3 Nf8 24. Bc5 Qb7 25. Bxf8 Kxf8 26. Qc5+ Ke8 27. b4 Qb6 28. Qc3 Rb8 29. a3 Rc8 30. Qd3 g6 31. Rc5 a6 32. g4 Ra8 33. Qh3 a5 34. Qxh6 Ke7 35. Qh4+ g5 36. Qxg5+ Kf8 37. Qf6 Kg8 38. h4 axb4 39. h5 Qd8 40. Ra5 Rb8 41. Qxd8+ Rxd8 42. axb4 Rb8 43. Ra4 Kg7 44. Kg3 Kh7 45. Kh4 Kg7 46. Kg5 Rb7 47. f4 Rb8 48. f5 Rb7 49. fxe6 fxe6 50. h6+ Kf7 51. Kh5 Rc7 52. g5 c5 53. bxc5 Kg8 54. Kg6 Rc8 55. c6 Rb8 56. c7 Re8 57. Rb4 Rc8 58. Rb8 Kf8 59. Rxc8+ 1-0

[Event "Collado Villalba Grupo Gallinero op 1st"]
[Site "Collado Villalba"]
[Date "2022.08.13"]
[Round "3"]
[White "Bravo De la Vega, Alvaro"]
[Black "Abbasifar, Hasan"]
[Result "0-1"]
[WhiteElo "2077"]
[BlackElo "2345"]
[PlyCount "80"]
[EventDate "2022.08.12"]
[EventType "swiss"]
[EventRounds "9"]
[EventCountry "ESP"]
[SourceTitle "CBM 210 Extra"]
[Source "ChessBase"]
[SourceDate "2022.11.30"]
[SourceVersion "1"]
[SourceVersionDate "2022.11.30"]
[SourceQuality "1"]

1. d4 Nf6 2. c4 g6 3. Nc3 Bg7 4. e4 d6 5. Nf3 0-0 6. Be2 e5 7. d5 Na6 8. Nd2 c6 9. a3 Bd7 10. b4 Nc7 11. Nb3 b6 12. Be3 cxd5 13. cxd5 Rc8 14. 0-0 Qe8 15. Qd3 Nh5 16. Bxh5 gxh5 17. Rfc1 f5 18. f3 h4 19. exf5 Bxf5 20. Ne4 Qg6 21. Ra2 Ne8 22. Rxc8 Bxc8 23. Rf2 Bh6 24. Nbd2 Bxe3 25. Qxe3 Bb7 26. Qd3 Nc7 27. Nc4 Nxd5 28. Ncxd6 Nf4 29. Qc3 Bxe4 30. Nxe4 Nh3+ 31. Kf1 Nxf2 32. Nxf2 Qb1+ 33. Ke2 Qa2+ 34. Ke3 h3 35. gxh3 Qd5 36. Ne4 Qd4+ 37. Ke2 Qxc3 38. Nxc3 Kf7 39. Ke3 Ke6 40. Ne4 h6 0-1

[Event "ESP-ch U16"]
[Site "Salobrena"]
[Date "2022.07.30"]
[Round "9"]
[White "Bravo De la Vega, Alvaro"]
[Black "Montesinos Diaz, Luis"]
[Result "1-0"]
[WhiteElo "2070"]
[BlackElo "1949"]
[PlyCount "123"]
[EventDate "2022.07.25"]
[EventType "swiss"]
[EventRounds "9"]
[EventCountry "ESP"]
[SourceTitle "EXT 2023"]
[Source "ChessBase"]
[SourceDate "2022.10.05"]
[SourceVersion "1"]
[SourceVersionDate "2022.10.05"]
[SourceQuality "1"]

1. Nf3 d5 2. c4 c6 3. e3 Nf6 4. Nc3 Qb6 5. b3 Bg4 6. Bb2 e6 7. Qc2 Be7 8. Bd3 Na6 9. Na4 Qa5 10. a3 dxc4 11. bxc4 Rd8 12. Be2 Bf5 13. Qb3 Ne4 14. 0-0 Nac5 15. Nxc5 Nxc5 16. Qb4 Qc7 17. Be5 Qc8 18. d4 Nd3 19. Qa5 Nxe5 20. Nxe5 Qb8 21. Ra2 0-0 22. Rb2 Qa8 23. c5 f6 24. Nc4 e5 25. dxe5 Rd5 26. Nd6 Rxe5 27. Bc4+ Kh8 28. Nf7+ Rxf7 29. Bxf7 Bxc5 30. Qc3 Qc8 31. Rd1 g5 32. Rbd2 Be7 33. Ba2 Kg7 34. Bb1 Be6 35. f4 Rc5 36. Qd4 Qg8 37. f5 Bb3 38. Re1 Rd5 39. Qc3 Rxd2 40. Qxd2 Qd5 41. Qb2 Bd6 42. Be4 Qc4 43. Rc1 Qxe4 44. Qxb3 b6 45. Rd1 Qe5 46. g3 Bc5 47. Rd7+ Kh6 48. Qe6 Bxe3+ 49. Kg2 Qb2+ 50. Kf3 Qf2+ 51. Ke4 Bd4 52. Kd3 c5 53. Kc4 Qf3 54. Qf7 Qxf5 55. g4 Qc2+ 56. Kb5 Qd3+ 57. Kc6 Qe4+ 58. Kc7 Be5+ 59. Kd8 Qa8+ 60. Ke7 c4 61. Qh5+ Kg7 62. Ke6+ 1-0

[Event "ESP-ch U16"]
[Site "Salobrena"]
[Date "2022.07.29"]
[Round "8"]
[White "Cereijo Suarez, Alejandro"]
[Black "Bravo De la Vega, Alvaro"]
[Result "1/2-1/2"]
[WhiteElo "1968"]
[BlackElo "2070"]
[PlyCount "100"]
[EventDate "2022.07.25"]
[EventType "swiss"]
[EventRounds "9"]
[EventCountry "ESP"]
[SourceTitle "EXT 2023"]
[Source "ChessBase"]
[SourceDate "2022.10.05"]
[SourceVersion "1"]
[SourceVersionDate "2022.10.05"]
[SourceQuality "1"]

1. d4 Nf6 2. c4 e6 3. Nf3 d5 4. Nc3 Be7 5. Bg5 h6 6. Bh4 0-0 7. e3 Ne4 8. Bxe7 Qxe7 9. Bd3 Nxc3 10. bxc3 dxc4 11. Bxc4 c5 12. 0-0 Nc6 13. Qe2 Rd8 14. Rfd1 b6 15. Rac1 Bb7 16. e4 cxd4 17. cxd4 Rac8 18. Qe3 Na5 19. Bf1 Rxc1 20. Rxc1 Rc8 21. Rxc8+ Bxc8 22. Qc3 Bb7 23. Bd3 Nc6 24. h3 Qd6 25. Bb1 Ba6 26. Bd3 Bb7 27. Bb1 Kf8 28. a3 Ba6 29. Ba2 Kg8 30. d5 exd5 31. Bxd5 Ne7 32. Bb3 Ng6 33. e5 Qd3 34. Qb4 Qf1+ 35. Kh2 Bb7 36. Qg4 Qd3 37. Bc4 Qe4 38. e6 Qxg4 39. exf7+ Kf8 40. hxg4 Bxf3 41. gxf3 Ne5 42. Bd5 Nxf7 43. f4 Ke7 44. Kg3 Nd6 45. Kf3 g6 46. Ke3 Kf6 47. a4 h5 48. f5 gxf5 49. gxh5 Ke5 50. Bb3 f4+ 1/2-1/2

[Event "ESP-ch U16"]
[Site "Salobrena"]
[Date "2022.07.25"]
[Round "2"]
[White "Rico Carretero, Jose Carlos"]
[Black "Bravo De la Vega, Alvaro"]
[Result "0-1"]
[WhiteElo "1860"]
[BlackElo "2070"]
[PlyCount "98"]
[EventDate "2022.07.25"]
[EventType "swiss"]
[EventRounds "9"]
[EventCountry "ESP"]
[SourceTitle "EXT 2023"]
[Source "ChessBase"]
[SourceDate "2022.10.05"]
[SourceVersion "1"]
[SourceVersionDate "2022.10.05"]
[SourceQuality "1"]

1. c4 e5 2. Nc3 Nc6 3. g3 g6 4. Bg2 Bg7 5. e4 Nge7 6. Nge2 d6 7. 0-0 Be6 8. d3 Qd7 9. Nd5 0-0 10. Bh6 f5 11. Bxg7 Kxg7 12. f4 fxe4 13. dxe4 Bg4 14. Qd2 Bxe2 15. Qxe2 Nd4 16. Qd1 Rae8 17. g4 Nxd5 18. cxd5 c6 19. dxc6 bxc6 20. h3 Qb7 21. Qd2 Rb8 22. fxe5 dxe5 23. b3 Qe7 24. Rxf8 Rxf8 25. Rf1 Qc5 26. Kh1 Rxf1+ 27. Bxf1 Qf8 28. Bc4 Qf3+ 29. Qg2 Qe3 30. a4 Nf3 31. Be2 Nh4 32. Qf1 Qxe4+ 33. Kh2 Qf4+ 34. Qxf4 exf4 35. b4 Kf6 36. Ba6 Ke6 37. Kg1 g5 38. Bd3 Ng6 39. Kf2 Kd5 40. Ba6 Ne5 41. Be2 Kd4 42. b5 cxb5 43. Bxb5 a5 44. Ke2 Nc4 45. Kf2 h6 46. Kf3 Ne5+ 47. Ke2 Kc3 48. Kf2 Nd3+ 49. Kf3 Nc5 0-1

[Event "Madrid-ch"]
[Site "Madrid"]
[Date "2022.05.30"]
[Round "6"]
[White "Bravo De la Vega, Alvaro"]
[Black "Bello Burguet, Glenier Lazaro"]
[Result "0-1"]
[WhiteElo "2082"]
[BlackElo "1993"]
[PlyCount "128"]
[EventDate "2022.05.25"]
[EventType "swiss"]
[EventRounds "7"]
[EventCountry "ESP"]
[SourceTitle "EXT 2023"]
[Source "ChessBase"]
[SourceDate "2022.10.05"]
[SourceVersion "1"]
[SourceVersionDate "2022.10.05"]
[SourceQuality "1"]

1. c4 e5 2. Nc3 Nf6 3. g3 Bb4 4. Bg2 0-0 5. d3 c6 6. Nf3 Re8 7. 0-0 h6 8. a3 Bf8 9. d4 e4 10. Nd2 d5 11. cxd5 cxd5 12. e3 Bg4 13. f3 exf3 14. Nxf3 Qd7 15. Qd3 Nc6 16. Bd2 Rad8 17. Nh4 Bh3 18. Nf5 Bxg2 19. Kxg2 Ne4 20. Nxe4 Rxe4 21. Rf2 g6 22. Nh4 Be7 23. Nf3 f6 24. Bc3 Kg7 25. Nd2 Re6 26. Raf1 h5 27. b4 a6 28. Nf3 Bd6 29. Nh4 Ne7 30. Bd2 Qb5 31. Qb3 Rc8 32. e4 Rxe4 33. Rxf6 Re2+ 34. Kg1 Rxd2 35. Rf7+ Kg8 36. Qf3 Qe2 37. Rf8+ Kh7 38. Qxe2 Rxe2 39. R1f7+ Kh6 40. Rxc8 Nxc8 41. Rxb7 Re7 42. Rxe7 Bxe7 43. Nf3 Nb6 44. Ne5 Bf6 45. Nc6 Kg5 46. Kg2 Kf5 47. Kf3 Na8 48. a4 Nc7 49. Ke3 Kg4 50. Nb8 Be7 51. b5 axb5 52. axb5 Nxb5 53. Nd7 Kf5 54. Nb6 Bg5+ 55. Kd3 Ke6 56. Na4 Bf6 57. Nc5+ Ke7 58. Nb3 Nxd4 59. Nd2 Nc6 60. h3 Ne5+ 61. Ke2 Bg5 62. Nb3 Nc6 63. g4 hxg4 64. hxg4 Ne5 0-1

[Event "Madrid-ch sf"]
[Site "Madrid"]
[Date "2022.05.13"]
[Round "9"]
[White "Bravo De la Vega, Alvaro"]
[Black "Ruiz Buendia, Miguel"]
[Result "0-1"]
[WhiteElo "2082"]
[BlackElo "2162"]
[PlyCount "60"]
[EventDate "2022.05.04"]
[EventType "swiss"]
[EventRounds "9"]
[EventCountry "ESP"]
[SourceTitle "EXT 2023"]
[Source "ChessBase"]
[SourceDate "2022.10.05"]
[SourceVersion "1"]
[SourceVersionDate "2022.10.05"]
[SourceQuality "1"]

1. e4 c5 2. Nc3 d6 3. d4 cxd4 4. Qxd4 Nc6 5. Qd2 g6 6. b3 Bh6 7. f4 Nf6 8. Bb2 e5 9. g3 0-0 10. 0-0-0 Be6 11. Kb1 Qa5 12. Be2 Rac8 13. h4 exf4 14. gxf4 Nh5 15. Bxh5 Qxh5 16. Nge2 Rfd8 17. Nd5 Bxd5 18. exd5 Ne5 19. Rdf1 Re8 20. Ng3 Qg4 21. h5 Qxg3 22. hxg6 fxg6 23. Rxh6 Nf3 24. Rxf3 Qxf3 25. a3 Qe4 26. Qh2 Rc7 27. f5 Qxf5 28. Qxd6 Rxc2 29. Ka2 Rxb2+ 30. Kxb2 Qf2+ 0-1